Arctic monkeys - Teddy Picker Lyrics - Statistics

General Stats
  • This quiz has been taken 438 times
  • The average score is 217 of 276
Answer Stats
Answer % Correct
the
98%
a
97%
you
97%
i
95%
I
95%
to
94%
it
93%
be
92%
when
90%
an
89%
for
89%
have
89%
they
89%
do
88%
joke
88%
get
87%
of
87%
we
87%
where
87%
and
86%
picker
86%
teddy
86%
told
86%
that
84%
it's
83%
your
83%
don't
82%
provoke
82%
are
81%
punchline
81%
up
81%
quick
80%
before
79%
like
79%
not
79%
over
79%
want
79%
all
78%
bent
78%
screen
78%
television
78%
time
78%
people
77%
sped
77%
were
77%
even
76%
fucking
76%
quicker
76%
let's
75%
at
74%
can
74%
men
74%
on
74%
point
74%
tell
74%
there's
74%
thick
74%
but
73%
enough
73%
game
73%
seen
73%
staring
73%
surprised
73%
getting
72%
list
72%
thicker
72%
thousandth
72%
already
71%
bolder
71%
in
71%
wasn't
70%
what
70%
100
69%
top
69%
sorry
68%
desperation
67%
gagging
67%
kids
67%
after
66%
morning
66%
save
66%
defenders
65%
doesn't
65%
equal
65%
means
65%
pretender
65%
did
64%
exist
64%
reckon
64%
dream
63%
whatever
63%
ya
63%
any
62%
making
62%
professional
62%
things
62%
who'd
62%
dying
61%
or
61%
replace
61%
around
60%
sunshine
60%
twist
60%
you're
60%
magazine
59%
take
59%
says
58%
seemed
58%
she
58%
turn
58%
make
56%
they've
56%
oath
55%
another
54%
poser
53%
prayer
52%
kiss
51%
saw
51%
variation
51%
fist
50%
grabbed
50%
em
48%
plenty
47%
presuming
47%
with
46%
concern
43%
theme
43%
us
42%
tangle
40%
bollocks
39%
well
39%
replaced
34%
No matching quizzes found
Score Distribution
Percent of People with Each Score
Percentile by Number Answered
Your Score History
You have not taken this quiz